Available copies
- 0 of 1 copy available at LARL/NWRL Consortium.
- 0 of 1 copy available at Lake Agassiz Regional Library. (Show preferred library)
Current holds
0 current holds with 1 total copy.
Show Only Available Copies
| Location | Call Number / Copy Notes | Barcode | Shelving Location | Status | Due Date |
|---|---|---|---|---|---|
| Moorhead Public Library | GRI (Text) | 33500011613171 | Main | Checked out | 08/10/2026 |
Record details
- ISBN: 9780374280871 (hardback)
- ISBN: 0374280878 (hardback)
- Physical Description: pages cm
- Edition: First edition.
- Publisher: New York : Farrar, Straus and Giroux, 2013.
Content descriptions
| Summary, etc.: | "A brilliant, lush, sweeping historical novel ... Read More |
Search for related items by subject
| Genre: | Historical fiction. |
Search for related items by series
| LDR | 03260cam a22004818i 4500 | ||
|---|---|---|---|
| 001 | 156056 | ||
| 003 | LARL_NWRL_CONSORTIUM | ||
| 005 | 20231114211404.0 | ||
| 008 | 130628s2013 nyu 000 1 eng | ||
| 010 | . | ‡a2013022510 | |
| 020 | . | ‡a9780374280871 (hardback) | |
| 020 | . | ‡a0374280878 (hardback) | |
| 035 | . | ‡a(OCoLC)827256692 | |
| 040 | . | ‡aDLC ‡beng ‡erda ‡cDLC ‡dBTCTA ‡dBDX | |
| 042 | . | ‡apcc | |
| 043 | . | ‡ae-uk-en | |
| 082 | 0 | 0. | ‡a813/.54 ‡223 |
| 084 | . | ‡aFIC014000 ‡aFIC019000 ‡2bisacsh | |
| 100 | 1 | . | ‡aGriffith, Nicola. ‡0(LARL_NWRL_CONSORTIUM)138894 |
| 245 | 1 | 0. | ‡aHild / ‡cNicola Griffith. |
| 250 | . | ‡aFirst edition. | |
| 260 | . | ‡aNew York : ‡bFarrar, Straus and Giroux, ‡c2013. | |
| 300 | . | ‡apages cm | |
| 336 | . | ‡atext ‡2rdacontent | |
| 337 | . | ‡aunmediated ‡2rdamedia | |
| 338 | . | ‡avolume ‡2rdacarrier | |
| 490 | 0 | . | ‡aHild sequence ; ‡v1 |
| 520 | . | ‡a"A brilliant, lush, sweeping historical novel about the rise of the most powerful woman of the Middle Ages: Hild Hild is born into a world in transition. In seventh-century Britain, small kingdoms are merging, usually violently. A new religion is coming ashore; the old gods' priests are worrying. Edwin of Northumbria plots to become overking of the Angles, ruthlessly using every tool at his disposal: blood, bribery, belief. Hild is the king's youngest niece. She has the powerful curiosity of a bright child, a will of adamant, and a way of seeing the world--of studying nature, of matching cause with effect, of observing human nature and predicting what will happen next--that can seem uncanny, even supernatural, to those around her. She establishes herself as the king's seer. And she is indispensable--until she should ever lead the king astray. The stakes are life and death: for Hild, her family, her loved ones, and the increasing numbers who seek the protection of the strange girl who can read the world and see the future. Hild is a young woman at the heart of the violence, subtlety, and mysticism of the early medieval age--all of it brilliantly and accurately evoked by Nicola Griffith's luminous prose. Recalling such feats of historical fiction as Hilary Mantel's Wolf Hall and Sigrid Undset's Kristin Lavransdatter, Hild brings a beautiful, brutal world--and one of its most fascinating, pivotal figures, the girl who would become St. Hilda of Whitby--to vivid, absorbing life"-- ‡cProvided by publisher. | |
| 600 | 0 | 0. | ‡aHilda, ‡cof Whitby, Saint, ‡d614-680 ‡vFiction. |
| 650 | 0. | ‡aChristian women saints ‡zEngland ‡zWhitby ‡vFiction. | |
| 650 | 0. | ‡aChristian saints ‡zEngland ‡zNorthumbria (Region) ‡vFiction. | |
| 650 | 0. | ‡aWomen ‡xHistory ‡yMiddle Ages, 500-1500 ‡vFiction. | |
| 650 | 7. | ‡aFICTION / Historical. ‡2bisacsh | |
| 650 | 7. | ‡aFICTION / Literary. ‡2bisacsh | |
| 655 | 7. | ‡aHistorical fiction. ‡2gsafd | |
| 901 | . | ‡a156056 ‡bOCLC ‡c156056 ‡tbiblio | |

Add to basket
Permalink
Enable Highlighting